Financial Valuation and Modelling (Record no. 12612)

MARC details
000 -LEADER
fixed length control field 00372nam a22001577a 4500
003 - CONTROL NUMBER IDENTIFIER
control field OSt
008 - FIXED-LENGTH DATA ELEMENTS--GENERAL INFORMATION
fixed length control field 240503b |||||||| |||| 00| 0 eng d
020 ## - INTERNATIONAL STANDARD BOOK NUMBER
International Standard Book Number 9789354246036
082 ## - DEWEY DECIMAL CLASSIFICATION NUMBER
Classification number 332.1 KAF
100 ## - MAIN ENTRY--PERSONAL NAME
Personal name KAPIL,Sheeba
245 ## - TITLE STATEMENT
Title Financial Valuation and Modelling
250 ## - EDITION STATEMENT
Edition statement 1st Ed
260 ## - PUBLICATION, DISTRIBUTION, ETC. (IMPRINT)
Place of publication, distribution, etc New Delhi
Name of publisher, distributor, etc Wiley India
Date of publication, distribution, etc 2022
300 ## - PHYSICAL DESCRIPTION
Extent 504
942 ## - ADDED ENTRY ELEMENTS (KOHA)
Source of classification or shelving scheme Dewey Decimal Classification
Koha item type Text Books
Holdings
Withdrawn status Lost status Source of classification or shelving scheme Damaged status Not for loan Collection code Home library Current library Date acquired Source of acquisition Currency Cost, normal purchase price Bill Number Total Checkouts Full call number Acc. no. / Barcode Date last seen Actual Cost, discounted price Bill Date Koha item type Date last borrowed
    Dewey Decimal Classification     BBA(Business Analytics) PIET C-LIBRARY PIET C-LIBRARY 06/04/2024 Zaffa Books and Distributors In Rupees 999.00 ZBD0012   332.1 KAF 37084 03/05/2024 724.27 06/04/2024 Reference Books  
    Dewey Decimal Classification     BBA(Business Analytics) PIET C-LIBRARY PIET C-LIBRARY 06/04/2024 Zaffa Books and Distributors In Rupees 999.00 ZBD0012   332.1 KAF 37085 03/05/2024 724.27 06/04/2024 Text Books  
    Dewey Decimal Classification     BBA(Business Analytics) PIET C-LIBRARY PIET C-LIBRARY 06/04/2024 Zaffa Books and Distributors In Rupees 999.00 ZBD0012   332.1 KAF 37086 03/05/2024 724.27 06/04/2024 Text Books  
    Dewey Decimal Classification     BBA(Business Analytics) PIET C-LIBRARY PIET C-LIBRARY 06/04/2024 Zaffa Books and Distributors In Rupees 999.00 ZBD0012 1 332.1 KAF 37087 18/03/2025 724.27 06/04/2024 Text Books 17/02/2025
    Dewey Decimal Classification     BBA(Business Analytics) PIET C-LIBRARY PIET C-LIBRARY 06/04/2024 Zaffa Books and Distributors In Rupees 999.00 ZBD0012   332.1 KAF 37088 03/05/2024 724.27 06/04/2024 Text Books  
    Dewey Decimal Classification     BBA(Business Analytics) PIET C-LIBRARY PIET C-LIBRARY 30/08/2025 Zaffa Books INR 1129.00 ZBD0238   332.1 KAF 39719 06/09/2025 790.30 30/08/2025 Text Books  
    Dewey Decimal Classification     BBA(Business Analytics) PIET C-LIBRARY PIET C-LIBRARY 30/08/2025 Zaffa Books INR 1129.00 ZBD0238   332.1 KAF 39720 06/09/2025 790.30 30/08/2025 Text Books  

Design & Developed by: PIET Central Library
R70 Miles Stone Pattikalyana Samalkha Panipat 132102
mail ID :- [email protected], Phone No:- 0180-2569700 Ex.216